000
00291nam a2200133Ia 4500
008
230312s9999||||xx |||||||||||||| ||und||
082
_a
614.1
_b
HUS-M
100
_a
Husain;siddiq
245
0
_a
Medical jurisprudence
260
_a
PK
_c
1976
300
_a
369
650
_a
Medical
942
_c
BK
999
_c
2234
_d
2234